• 首页
  • 本馆介绍
  • 公告通知
  • 最新文献
  • 馆藏检索
  • 电子资源
  • 读者导购
  • 参考咨询
  • 我的图书馆
  • 登录
  • 详细信息显示
  • 放入我的书架
  • 预约/预借图书
  • 作者相关作品
  • 分类相关作品
  • 丛书相关作品
  • 出版社相关作品

书目信息

  • 表格格式
  • 工作单格式
  • 卡片格式
题名:
脱落酸研究与应用
    
 
作者: 谭红 , 周金燕 编著
分册:  
出版信息: 北京   科学出版社  2014.01
页数: 301页
开本: 26cm
丛书名:
单 册:
中图分类: Q946.885
科图分类:
主题词: 脱落酸--研究 , 脱落酸
电子资源:
ISBN: 978-7-03-038579-6
000 00985nam0 2200265 450
001 0120131188097
005 20140609083947.17
010    @a978-7-03-038579-6@dCNY88.00
100    @a20140102d2014 em y0chiy0110 ea
101 0  @achi
102    @aCN@b110000
105    @aak z 001yy
106    @ar
200 1  @a脱落酸研究与应用@9tuo luo suan yan jiu yu ying yong@f谭红,周金燕等编著
210    @a北京@c科学出版社@d2014.01
215    @a301页@c图@d26cm
330    @a本书较全面地介绍了脱落酸研究领域的最新研究进展,尤其是脱落酸的发酵生产技术和在农林业生产上的应用技术,当属本书特色。
333    @a适合植物生理学、植物分子遗传学、植物诱导抗性理论与应用、微生物学、发酵工程学及农药学等领域的专家、学者、师生、技术人员、农业技术推广人员和农林业生产者等阅读
606 0  @a脱落酸@x研究
606 0  @a脱落酸
690    @aQ946.885@v5
701  0 @a谭红@9tan hong@4编著
701  0 @a周金燕@9zhou jin yan@4编著
801  0 @aCN@b人天书店@c20140102
905    @b548051-53@dQ946.885@e228@f3
    
    脱落酸研究与应用/谭红,周金燕等编著.-北京:科学出版社,2014.01
    301页:图;26cm
    使用对象:适合植物生理学、植物分子遗传学、植物诱导抗性理论与应用、微生物学、发酵工程学及农药学等领域的专家、学者、师生、技术人员、农业技术推广人员和农林业生产者等阅读
    
    ISBN 978-7-03-038579-6:CNY88.00
    本书较全面地介绍了脱落酸研究领域的最新研究进展,尤其是脱落酸的发酵生产技术和在农林业生产上的应用技术,当属本书特色。
●
相关链接 在E读中查询图书 在五车中查询图书 在当当中查询图书 在豆瓣中查询图书


正题名:脱落酸研究与应用     索取号:Q946.885/228         预约/预借

序号 登录号 条形码 馆藏地/架位号 状态 备注
1 548051   205480512   第二样本阅览室/ [索取号:Q946.885/228] 在馆    
2 548052   205480521   第三借阅区/ [索取号:Q946.885/228] 在馆    
3 548053   205480530   密集书库-生命科学系/ [索取号:Q946.885/228] 在馆    
唐山师范学院图书馆 欢迎您!
大连网信软件有限公司© 版权所有